Statistiques concernant Les 100 villes les plus peuplées d'Allemagne sur une carte

Cliquez ici pour prendre le quiz!

Statistiques générales

  • Ce quiz a été pris 4 659 fois
  • Le résultat moyen est 28 sur 100

Réponses sur la Carte

Les réponses sont colorées sur une échelle allant du rouge au vert en fonction du pourcentage des utilisateurs qui les ont devinées à leur premier essai. Vous pouvez retrouver ces pourcentages ci-dessous.
 

Statistiques - réponses

PopulationVille% Correct
3 677 472Berlin
99%
1 487 708Munich
96%
1 853 935Hambourg
90%
759 224Francfort-sur-le-Main
88%
1 073 096Cologne
81%
626 275Stuttgart
78%
586 852Dortmund
77%
601 866Leipzig
73%
563 290Brême
72%
619 477Düsseldorf
69%
510 632Nuremberg
66%
535 932Hanovre
62%
555 351Dresde
61%
231 848Fribourg en Brisgau
58%
249 070Aix-la-Chapelle
55%
217 556Mayence
49%
179 634Sarrebruck
49%
331 885Bonn
47%
579 432Essen
47%
246 243Kiel
45%
311 831Mannheim
44%
163 851Leverkusen
41%
296 478Augsbourg
39%
123 949Wolfsbourg
38%
306 502Karlsruhe
37%
208 400Rostock
35%
363 441Bochum
34%
183 154Potsdam
34%
261 001Mönchengladbach
33%
334 002Bielefeld
32%
495 152Duisbourg
31%
126 949Ulm
30%
216 277Lübeck
29%
236 188Magdebourg
28%
317 713Münster
28%
260 126Gelsenkirchen
27%
159 631Darmstadt
26%
153 542Ratisbonne
24%
84 736Constance
23%
213 227Erfurt
23%
138 016Ingolstadt
23%
99 292Kaiserslautern
23%
110 570Trèves
23%
159 245Heidelberg
22%
248 823Brunswick
21%
113 638Coblence
21%
354 572Wuppertal
21%
110 502Iéna
20%
165 034Osnabrück
20%
152 531Paderborn
20%
278 950Wiesbaden
20%
200 406Cassel
19%
243 105Chemnitz
19%
238 061Halle (Saale)
19%
129 122Fürth
18%
113 173Bremerhaven
17%
116 557Göttingen
17%
98 359Cottbus
16%
170 389Oldenbourg
16%
95 740Schwerin
15%
126 933Wurtzbourg
15%
91 113Flensbourg
14%
86 592Zwickau
14%
172 145Ludwigshafen sur le Rhin
13%
113 292Erlangen
12%
179 238Hamm
12%
125 613Heilbronn
12%
227 050Krefeld
12%
208 752Oberhausen
12%
131 295Offenbach-sur-le-Main
12%
91 877Tubingue
12%
111 645Bergisch Gladbach
11%
188 713Hagen
11%
125 529Pforzheim
11%
158 957Solingen
11%
91 814Düren
10%
91 368Gera
10%
93 117Ludwigsbourg
10%
170 739Mülheim
10%
152 731Neuss
10%
116 456Reutlingen
10%
101 516Siegen
10%
83 850Worms
10%
117 311Bottrop
9%
92 640Esslingen-sur-le-Neckar
9%
98 502Hanau
9%
156 621Herne
9%
100 319Hildesheim
9%
110 714Recklinghausen
9%
86 475Villingen-Schwenningen
9%
95 107Witten
9%
91 255Giessen
8%
101 158Gütersloh
8%
91 873Iserlohn
8%
103 725Moers
8%
111 770Remscheid
8%
103 694Salzgitter
8%
85 721Lünen
7%
83 697Marl
7%
86 424Ratingen
6%

Distribution des résultats

Percentile par nombre de réponses

% des personnes avec chaque résultat

Votre développement - résultats

Vous n’avez pas pris ce quiz